000
00332nam a2200133Ia 4500
008
240624s9999 xx 000 0 und d
041
_a
eng
082
_a
339 MIC
100
_a
MICHL THOMAS R
245
_a
MACROECONOMICS THEORY A SHORT COURSE
260
_c
2003
_a
New Delhi
_b
Prentice-Hall of India
300
_a
x, : 270
365
_c
RS
999
_c
459
_d
459